Statistics for Capital Cities to Country

Click here to take the quiz!

General Stats

  • This quiz has been taken 865 times
  • The average score is 46 of 52

Answer Stats

CityCountry% Correct
BeijingChina
99%
AthensGreece
99%
BerlinGermany
98%
AmsterdamNetherlands
98%
LondonEngland
97%
DublinIreland
97%
Mexico CityMexico
97%
MadridSpain
97%
CairoEgypt
96%
ParisFrance
96%
MoscowRussia
96%
BangkokThailand
96%
BrusselsBelgium
95%
New DelhiIndia
95%
RomeItaly
95%
Cape TownSouth Africa
95%
OttawaCanada
94%
CopenhagenDenmark
94%
BaghdadIraq
94%
TokyoJapan
94%
LisbonPortugal
94%
HelsinkiFinland
93%
OsloNorway
93%
StockholmSweden
92%
Washington D.C.United States of America
92%
BudapestHungary
91%
SeoulSouth Korea
91%
PragueCzech Republic
90%
Abu DhabiUnited Arab Emirates
90%
WarsawPoland
89%
ReykjavikIceland
88%
HavanaCuba
87%
KingstonJamaica
85%
WellingtonNew Zealand
84%
PyongyangNorth Korea
84%
NairobiKenya
83%
HanoiVietnam
83%
BucharestRomania
82%
TunisTunisia
82%
SantiagoChile
81%
BeirutLebanon
80%
Kuala LumpurMalaysia
80%
IslamabadPakistan
80%
BelgradeSerbia
80%
DamascusSyria
80%
TehranIran
78%
BratislavaSlovakia
77%
SofiaBulgaria
76%
TripoliLibya
69%
NicosiaCyprus
66%
DhakaBangladesh
62%
Port-of-SpainTrinidad & Tobago
60%

Score Distribution

Percentile by Number Answered

Percent of People with Each Score

Your Score History

You have not taken this quiz